| LEADER | 01276nam a2200265 a 4500 | ||
|---|---|---|---|
| 001 | GR-MES15204 | ||
| 008 | 090527s2007 gr 000 0 gre d | ||
| 020 | |z 978-3-540-45128-0 | ||
| 040 | |a GrPaTEI |b gre |c GR-PaULI | ||
| 040 | |a GrPaTEI |b gre |c GR-PaULI | ||
| 082 | 0 | |a 581.31 |2 21 | |
| 245 | 0 | 0 | |a Nitric oxide in plant growth, development and stress physiology ; Volume editors: Lorenzo Lamattina, Joseph C. Polacco. |
| 260 | |a USA : |b Springer, |c c2007 | ||
| 300 | |a xiτ., 283 σ. : |b σχεδ. ; |c 24 εκ. | ||
| 500 | |a Περιλαμβάνει ευρετήριο. | ||
| 650 | 0 | |a Plants |x Development | |
| 650 | 0 | |a Plants |x Nutrition | |
| 650 | 4 | |a Φυτά |x Ανάπτυξη | |
| 700 | 1 | |a Lamattina, Lorenzo | |
| 700 | 1 | |a Polacco, Joseph C. | |
| 942 | |2 ddc | ||
| 952 | |0 0 |1 0 |2 ddc |4 0 |6 581_310000000000000_NIT |7 0 |9 273028 |a MSLG |b MSLG |c BSC |d 2021-01-17 |e 24 |f 0 |g 0.00 |l 0 |o 581.31 NIT |p 2420000023970 |r 2021-01-17 00:00:00 |t 1 |w 2021-01-17 |y BK15 |x 20090527 0 ΤΣΑΝΤΑΡΛΙΩΤΗ 1 |x GrPaTEI | ||
| 952 | |0 0 |1 0 |2 ddc |4 0 |6 581_310000000000000_ΝΙΤ |7 0 |9 273029 |a MSLG |b MSLG |c BSC |d 2021-01-17 |e 24 |f 0 |g 0.00 |l 0 |o 581.31 ΝΙΤ |p 2420000023971 |r 2021-01-17 00:00:00 |t 1 |w 2021-01-17 |y BK15 |x 20090527 0 ΤΣΑΝΤΑΡΛΙΩΤΗ 1 |x GrPaTEI | ||
| 971 | |a .b25812531 |b 15-04-20 |c 13-09-16 | ||
| 999 | |c 158035 |d 158035 | ||